000 00599nam a2200229 i 4500
001 C2-0228121
003 PPAK
005 20180728155331.0
008 000806s1980 nyu |||| ||||| | eng d
040 _aPPAK
_beng
_cPPAK
_erda
082 0 4 _a823.23
_223
090 0 0 _a823.23
_bADA
_dKSI
100 1 _aAdams, Richard,
_eauthor
245 1 4 _aThe girl in a swing
264 1 _aNew York :
_bPenguin Book ,
_c1980
300 _a349 pages ;
_c18 cm
336 _2rdacontent
_atext
337 _2rdamedia
_aunmediated
338 _2rdacarrier
_avolume
650 1 0 _aEnglish fiction
942 _ddc
_cB
999 _c148065
_d148065